000 01028nam a2200289 a 4500
999 _c331076
_d331076
001 1195710
003 NUST
005 20170830154426.0
008 980305s1996 pk 000 0 urdo
010 _a 97930295
025 _aP-U-97930295; 07
040 _aDLC
_cDLC
042 _alcode
043 _aa-ii---
050 0 0 _aDS485.P87
_bS26 1996
082 _a954.5
_bLAH
100 2 _aSarvar Lāhaurī, G̲h̲ulām,
_d1837-1890.
_94504
245 1 0 _aTarīk̲h̲-i mak̲h̲zan-i Panjāb /
_cMuftī G̲h̲ulām Sarvar Quraishī Lāhaurī; muqaddamah Abdur Rahmán.
260 _aLāhore :
_bDost Aisosīeṭs,
_c1996.
300 _a26, [3], 592 p. ;
_c25 cm.
520 _aCultural, archaeological and geographical history of Punjab from 10th cent. to 19th cent.
546 _aIn Urdu.
651 0 _aPunjab (India)
_xHistory.
_93789
880 _6100-01\(3\r
_aغلام سرور قریشی لاہوری
880 _6245-02\(3\r
_aتاریخ مخزن پنجاب
_cغلام سرور قریشی لاہوری، مقدمہ : عبدالرحمٰن
880 _6260-03\(3\r
_aلاہور:
_bامن پبلی کیشنز،
_c2010
906 _a7
_bcbc
_corigode
_d3
_encip
_f19
_gy-gencatlg
942 _2ddc
_cBK